000 01016nam a2200325 c 4500
999 _c81632
_d81632
003 BLK
005 20220225170407.0
008 180408b bul|||||r ||||||| ||bul||
010 _aKNG00086136000
040 _aBLK
041 _aBUL
_cBUL
072 7 _2bullib
_aЯ
_xАвтографи
080 _aБългарска литература
_b821.163.2
_x-1
_z821.163.2-1
100 1 _aСеславска, Таня
_eпърви автор
_9119943
139 _aСеславска, Таня
_bС 34
245 1 0 _aДуховно и земно
_cТаня Сеславска.
257 _aBGR
260 _bИзд. авт.
_c2005
300 _a28 с.
_c20 см
380 _aX
500 _aТаня Сеславска - псевд. на Стоянка Атанасова Неделчева.
590 _aф
659 _aК
659 _aЯ
852 _aЦб 241683
852 _aК 821.163.2/С 34 Т
856 4 _qpdf
856 4 _qpdf
942 _cKNG
_n0
_01
_s1
944 _aCR
_c31.10.2008
_kГеновева_Генчева
944 _aED
_c28.11.2008
999 _d81632